| 000 | 00761cam a2200241 a 4500 | ||
|---|---|---|---|
| 001 | 000006426 | ||
| 005 | 20200929153929.0 | ||
| 008 | 811024s1981 sp b 000 1 spa | ||
| 020 | _a8423311007 | ||
| 040 |
_aDO-SdBNP _bspa _cBNPHU |
||
| 082 |
_a863.64 _bZ36c |
||
| 100 | 1 |
_aZaragoza, Juan Ramón, _d1938- _917843 |
|
| 245 | 1 | 0 |
_aConcerto grosso / _cJuan Ramón Zaragoza. |
| 260 |
_aBarcelona, España : _bDestino, _c1981. |
||
| 300 |
_a268 p. ; _c22 cm. |
||
| 490 | 1 |
_aÁncora y Delfín ; _v552 |
|
| 500 | _aIncluye datos biográficos en las solapas | ||
| 504 | _aBibliografía : p. 267-269 | ||
| 586 | _aPremio Eugenio Nadal 1980 | ||
| 650 | 4 |
_aNovela española _91123 |
|
| 650 | 4 |
_aLieratura española _917844 |
|
| 830 | 0 |
_aÁncora y Delfín ; _n552 _917845 |
|
| 999 |
_c6221 _d6221 |
||